000
00276nam a2200121Ia 4500
008
190216s9999||||xx |||||||||||||| ||und||
100
_a
Tripathi Ps
245
0
_a
Indian History
260
_b
Young Man & Co
_c
1985
300
_a
151p
650
_a
Indian History
942
_c
REF
999
_c
35683
_d
35683